Practical bioinformatics / (Record no. 23910)

MARC details
000 -LEADER
fixed length control field 00969nam a22002775a 4500
005 - DATE AND TIME OF LATEST TRANSACTION
control field 20240818093022.0
008 - FIXED-LENGTH DATA ELEMENTS--GENERAL INFORMATION
fixed length control field 170112t2013 nyua frbd 001 0 eng d
020 ## - INTERNATIONAL STANDARD BOOK NUMBER
International Standard Book Number 9780815344568
040 ## - CATALOGING SOURCE
Original cataloging agency EG-ScBUE
Language of cataloging eng
Transcribing agency EG-ScBUE
Modifying agency EG-ScBUE
082 04 - DEWEY DECIMAL CLASSIFICATION NUMBER
Edition number 22
Classification number 572.86330285
Item number AGO
100 1# - MAIN ENTRY--PERSONAL NAME
Personal name Agostino, Michael J.
245 10 - TITLE STATEMENT
Title Practical bioinformatics /
Statement of responsibility, etc Michael Agostino.
260 ## -
-- New York ;
-- London :
-- Garland Science / Taylor & Francis Group,
-- c.2013.
300 ## - PHYSICAL DESCRIPTION
Extent xi, 367 p. :
Other physical details ill. ;
Dimensions 28 cm.
336 ## - CONTENT TYPE
Source rdacontent
Content type term text
Content type code txt
337 ## - MEDIA TYPE
Media type term unmediated
Source rdamedia
Media type code n
338 ## - CARRIER TYPE
Carrier type term volume
Carrier type code nc
Source rdacarrier
500 ## - GENERAL NOTE
General note Includes glossary.
504 ## - BIBLIOGRAPHY, ETC. NOTE
Bibliography, etc Includes bibliographical references and indexes.
650 #0 - SUBJECT ADDED ENTRY--TOPICAL TERM
Source of heading or term BUEsh
Topical term or geographic name as entry element Nucleotide sequence
General subdivision Data processing.
650 #7 - SUBJECT ADDED ENTRY--TOPICAL TERM
Source of heading or term BUEsh
9 (RLIN) 5545
Topical term or geographic name as entry element Bioinformatics.
650 #7 - SUBJECT ADDED ENTRY--TOPICAL TERM
Source of heading or term BUEsh
9 (RLIN) 12933
Topical term or geographic name as entry element Computational biology
General subdivision methods.
651 ## - SUBJECT ADDED ENTRY--GEOGRAPHIC NAME
Source of heading or term BUEsh
653 ## - INDEX TERM--UNCONTROLLED
Resource For college Informatics and Computer Science
Arrived date list January2017
942 ## - ADDED ENTRY ELEMENTS (KOHA)
Source of classification or shelving scheme Dewey Decimal Classification
Classification part RDA-MOD
Holdings
Withdrawn status Lost status Source of classification or shelving scheme Damaged status Not for loan Collection code Home library Current library Shelving location Date acquired Source of acquisition Cost, normal purchase price Serial Enumeration / chronology Total Checkouts Total Renewals Full call number Barcode Checked out Date last seen Date checked out Cost, replacement price Price effective from Koha item type
    Dewey Decimal Classification     Scientific home BookShop Central Library Central Library First floor 12/01/2017 Purchase 690.00 2691 1 10 572.86330285 AGO 000040878 16/03/2026 19/02/2025 19/02/2025 862.50 12/01/2017 Book - Borrowing